Granada CF Squad 2014-2015 - Statistics

General Stats
  • This quiz has been taken 10 times
  • The average score is 15 of 34
Answer Stats
# Position Nation Player % Correct
2 DF Cameroon Allan Nyom
100%
5 DF Spain Diego Mainz
80%
22 DF Guadeloupe Dimitri Foulquier
80%
4 MF Spain Fran Rico
80%
16 MF Chile Manuel Iturra
80%
10 MF Spain Piti
80%
13 GK Spain Roberto Fernández
80%
9 FW Morocco Youssef El-Arabi
80%
6 DF Martinique Jean-Sylvain Babin
60%
24 DF Colombia Jeison Murillo
60%
3 DF Portugal Luís Martins
60%
1 GK Spain Oier Olazábal
60%
23 FW Spain Rubén Rochina
60%
14 MF Azerbaijan Eddy Silvestre
40%
29 FW Nigeria Isaac Success
40%
11 FW Spain Riki
40%
21 FW Spain Rober Ibáñez
40%
12 MF Spain Rubén Pérez
40%
17 MF Mali Abdoul Sissoko
20%
- Coach Spain Abel Resino
20%
17 FW Spain Adrián Colunga
20%
21 FW Spain Alfredo Ortuño
20%
7 FW Portugal Daniel Candeias
20%
19 FW Sweden Daniel Larsson
20%
12 DF Cameroon Dany Nounkeu
20%
25 DF Argentina Emanuel Insúa
20%
7 DF Spain Héctor Yuste
20%
8 MF Spain Javi Márquez
20%
18 FW Colombia Jhon Córdoba
20%
- Coach Spain Joaquín Caparrós
20%
- Coach Spain Joseba Aguado
20%
19 DF Spain Juan Cala
20%
20 FW Spain Juankar
20%
15 FW Guinea Lass Bangoura
20%
No matching quizzes found
Score Distribution
Percent of People with Each Score
Percentile by Number Answered
Your Score History
You have not taken this quiz